| Tag |
First Indicator |
Second Indicator |
Subfields |
| LEADER |
00000cam a2200000 a 4500 |
| 001 |
in00002160321 |
| 006 |
m e d # |
| 007 |
cr mn mmmmabba |
| 008 |
821222s1770 ctu s 000 0 eng d |
| 005 |
20260331164030.6 |
| 035 |
|
|
|z w012450
|
| 035 |
|
|
|a MAAR8212223601B
|
| 035 |
|
|
|9 mwa91-6785
|
| 035 |
|
|
|a 328428
|
| 035 |
|
|
|a aas03012450
|
| 040 |
|
|
|a MWA
|c MWA
|e bdrb
|d UtOrBLW
|
| 100 |
1 |
|
|a Smith, Cotton-Mather,
|d 1731-1806.
|
| 245 |
1 |
2 |
|a A good minister of Jesus Christ, nourished by the words of faith :
|b A sermon, preached at New-Preston, at the ordination of the Reverend Mr. Jeremiah Day, to the pastoral care of the church in that place, January 31, 1770. /
|c By Cotton-Mather Smith, A.M. Pastor of the church in Sharon.
|
| 264 |
|
3 |
|a Hartford :
|b Printed by Green & Watson, near the G. Bridge,
|c M,DCC,LXX. [1770]
|
| 300 |
|
|
|a iv, 1 unnumbered page, 6-30 pages, 2 unnumbered pages ;
|c 18 cm. (octavo)
|
| 336 |
|
|
|a text
|b txt
|2 rdacontent
|
| 337 |
|
|
|a computer
|b c
|2 rdamedia
|
| 338 |
|
|
|a online resource
|b cr
|2 rdacarrier
|
| 510 |
4 |
|
|a Evans
|c 11861
|
| 510 |
4 |
|
|a Trumbull, J.H. Connecticut,
|c 1384
|
| 530 |
|
|
|a Microform version available in the Readex Early American Imprints series.
|
| 533 |
|
|
|a Electronic text and image data.
|b [Chester, Vt. :
|c Readex, a division of Newsbank, Inc.,
|d 2002-2004.
|e Includes files in TIFF, GIF and PDF formats with inclusion of keyword searchable text.
|f (Early American imprints. First series ; no. 11861).
|
| 500 |
|
|
|a Electronic resource.
|
| 600 |
1 |
0 |
|a Day, Jeremiah,
|d 1737-1806.
|
| 655 |
|
7 |
|a Ordination sermons
|y 1770.
|2 rbgenr
|
| 710 |
2 |
|
|a New Preston Church (Washington, Conn.)
|
| 752 |
|
|
|a United States
|b Connecticut
|d Hartford.
|
| 830 |
|
0 |
|a Early American imprints.
|n Series I,
|p Evans (1639-1800) ;
|v no. 11861.
|
| 856 |
4 |
1 |
|u http://proxy.library.tamu.edu/login?url=https://opac.newsbank.com/select/evans/11861
|y Evans Digital Edition
|t 0
|
| 999 |
|
|
|a MARS
|
| 999 |
f |
f |
|s 1ed85a97-4488-39f3-85a8-09b6bcb52ee3
|i da2e4f66-d700-3594-bf38-589aa9aebce1
|t 0
|
| 952 |
f |
f |
|a Texas A&M University
|b College Station
|c Electronic Resources
|s www_evans
|d Available Online
|t 0
|h No information provided
|
| 998 |
f |
f |
|t 0
|l Available Online
|